Cantores e bandas citados em "Festa da Música Tupiniquim' - Statistics

Estatísticas Gerais
  • Esse quiz foi jogado 125 vezes
  • A pontuação média é 38 de 63
Estatísticas das Respostas
Música Artista/Banda % Correto
Evidências; Brincar de Ser Feliz Chitãozinho & Xororó
89%
Eduardo e Mônica; Será Legião Urbana
88%
La Belle de Jour; Anunciação Alceu Valença
86%
Pelados em Santos; Vira-Vira Mamonas Assassinas
86%
Gita; Eu Nasci há Dez Mil Anos Atrás Raul Seixas
86%
Agora Só Falta Você; Ovelha Negra Rita Lee
85%
Malandragem; O Segundo Sol Cássia Eller
84%
Emoções; Como é Grande o Meu Amor por Você Roberto Carlos
83%
Azul da Cor do Mar; O Descobridor dos Sete Mares Tim Maia
83%
Alegria, Alegria; Você é Linda Caetano Veloso
82%
A Banda; João e Maria Chico Buarque
82%
Andar com Fé; Palco Gilberto Gil
82%
Wave; Garota de Ipanema Tom Jobim
81%
Verdade; Deixa a Vida me Levar Zeca Pagodinho
81%
Lanterna dos Afogados; Aonde Quer que Eu Vá Os Paralamas do Sucesso
80%
A Mais Pedida; Mulher de Fases Raimundos
80%
Sonífera Ilha; Epitáfio Titãs
80%
Dança da Cordinha; A Nova Loira do _____ É o Tchan
78%
Apenas Mais Uma de Amor; Toda Forma de Amor Lulu Santos
78%
Thriller; Beat It Michael Jackson
78%
Taj Mahal; A Banda do Zé Pretinho Jorge Benjor
76%
Pintura Íntima; Como Eu Quero Kid Abelha
76%
Você Não Soube Me Amar; A Dois Passos do Paraíso Blitz
75%
Por Você; Puro Êxtase Barão Vermelho
74%
Acima do Sol; Garota Nacional Skank
74%
Você me Vira a Cabeça; Loba Alcione
70%
Amor I Love You; Beija Eu Marisa Monte
69%
Florentina; Ele é Corno, mas é meu Amigo Tiririca
69%
Pense em Mim; Não Aprendi Dizer Adeus Leandro & Leonardo
68%
Poema, Homem com H Ney Matogrosso
65%
Vapor Barato; Chuva de Prata Gal Costa
61%
Sina; Nem Um Dia Djavan
60%
Andança; Vou Festejar Beth Carvalho
59%
Malandro é Malandro e Mané é Mané; A Semente Bezerra da Silva
59%
É o Amor; Você Vai Ver Zezé di Camargo & Luciano
59%
Nobre Vagabundo; O Canto da Cidade Daniela Mercury
58%
Manuel; Colombina Ed Motta
57%
Da Lama ao Caos; Maracatu Atômico Chico Science (Nação Zumbi)
56%
Madalena; Mulheres Martinho da Vila
56%
Girassol; Onde Você Mora? Cidade Negra
55%
Me Chama; Essa Noite Não Lobão
52%
De Volta pro Aconchego; Bate Coração Elba Ramalho
48%
Asa Morena; Per Amore Zizi Possi
48%
Bye Bye Tristeza; Retratos e Canções Sandra de Sá
47%
Paixão de Rua; A Namorada Carlinhos Brown
45%
Fullgás; Eu Te Amo Você Marina Lima
44%
Eu Só Quero Um Xodó; Isso Aqui Tá Bom Demais Dominguinhos
43%
Jorge de Capadócia; Rio 40 Graus Fernanda Abreu
43%
A Amizade; O Show Tem Que Continuar Fundo de Quintal
42%
Refuse/Resist; Roots Bloody Roots Sepultura
42%
Xô Satanás; Dança do Vampiro Asa de Águia
41%
Sexy Iemanjá; Mil e Uma Noites de Amor Pepeu Gomes
41%
Amor, Meu Grande Amor; Simples Carinho Angela Rô Rô
40%
Lá Vem o Brasil Descendo a Ladeira; Sem Pecado e Sem Juízo Baby do Brasil
38%
A Primeira Vista; Estado de Poesia Chico César
38%
Preta Pretinha; Pombo Correio Moraes Moreira
38%
O Bingo; Melô da Galinha Dicró
27%
Capitalismo; Crucificados pelo Sistema João Gordo (Ratos de Porão)
27%
Negra Ângela; Mulher, Mulher, Mulher Neguinho da Beija-Flor
27%
I Miss Her; Faraó Divindade do Egito Olodum
25%
Quatro Meninas; Hoje Eu Quero Sair Só Daúde
17%
Pensando em Você; A Idade do Céu Paulinho Moska
17%
O Rei do Gatilho; Acertei no Milhar Moreira da Silva
15%
Nenhum quiz correspondente encontrado
Distribuição das Pontuações
Porcentagem de Pessoas com Cada Pontuação
Percentil de Números Respondidos
Sua Pontuação Histórica
Você não jogou esse quiz